[Event "GER-ch U18 sf Berlin Online"]
[Site "Playchess.com INT"]
[Date "2020.05.01"]
[Round "8"]
[White "Noack, Eneas"]
[Black "Freier, Lennart Luis"]
[Result "0-1"]
[WhiteElo "1620"]
[BlackElo "1620"]
[PlyCount "52"]
[EventDate "2020.05.01"]
[EventType "swiss (blitz)"]
[EventRounds "13"]
[EventCountry "GER"]
[SourceTitle "CBM 195 Extra"]
[Source "ChessBase"]
[SourceDate "2020.05.31"]
[SourceVersion "1"]
[SourceVersionDate "2020.05.31"]
[SourceQuality "1"]

1. e4 e5 2. Nf3 Nc6 3. Bc4 Nf6 4. Nc3 Bc5 5. d3 d6 6. Bg5 Bg4 7. 0-0 Nd4 8. Nd5 Nxf3+ 9. Kh1 Nxh2 10. Kxh2 Bxd1 11. Nxf6+ gxf6 12. Bd5 fxg5 13. Raxd1 Qe7 14. Bxb7 Rb8 15. Bc6+ Kd8 16. Bd5 Qf6 17. c4 Rg8 18. b3 Qh6+ 19. Kg1 Qh5 20. Rde1 Rg6 21. Bxf7 Ke7 22. Bxg6 Qxg6 23. g3 Qh5 24. Re2 Rg8 25. Rc1 Rg6 26. Kg2 Rh6 0-1